000 00713nam a2200289Ia 4500
005 20260324150035.0
008 008 260324s9999 xx 000 0 eng d
020 _a9781315177540
037 _aEBOOK
040 _aCRL
040 _beng
040 _cCRL
041 _2eng
041 _aeng
084 _qCRL
100 _aEvelina Karlovna Vasileva
_91225058
245 0 _aRevival: The Young People of Leningrad (1975)
245 0 _bSchool and Work Options and Attitudes
260 _bTaylor and Francis
260 _c1975
365 _a
365 _b230
856 _uhttp://www.taylorfrancis.com/books/9781315177540
942 _cEBOOK
999 _c1833840
_d1833840